000 00603nam a2200181 i 4500
001 147531
003 ES-MaACL
005 20250902011941.0
007 t|
008 071002q1966 sp ||||1| spa d
110 2 _aUniversidad Comercial de Deusto
_97096
245 1 0 _aCentro de Investigación sobre la inversión, capital y riqueza nacional de España /
_cUniversidad Comercial de Deusto.
260 _a[Bilbao :
_bGráf. Ellacuria,
_c1966]
300 _a24 p. ;
_c28 cm.
710 2 _aUniversidad Comercial de Deusto
_97096
852 _aES-MaACL
_j2053-F-19
_bR.60582
999 _c147531
_d147531